Detalles MARC
| 000 -LEADER |
| fixed length control field |
01888cam a2200385 i 4500 |
| 001 - CONTROL NUMBER |
| control field |
43648 |
| 003 - CONTROL NUMBER IDENTIFIER |
| control field |
Mx-PuUPA |
| 005 - DATE AND TIME OF LATEST TRANSACTION |
| control field |
20210419095648.0 |
| 008 - FIXED-LENGTH DATA ELEMENTS--GENERAL INFORMATION |
| fixed length control field |
140415s1982 mx r 000 0 spa d |
| 020 ## - INTERNATIONAL STANDARD BOOK NUMBER |
| International Standard Book Number |
9682302218 (obra completa) |
| 020 ## - INTERNATIONAL STANDARD BOOK NUMBER |
| International Standard Book Number |
9682302226 (v.1) |
| 020 ## - INTERNATIONAL STANDARD BOOK NUMBER |
| International Standard Book Number |
9682302234 (v.2) |
| 020 ## - INTERNATIONAL STANDARD BOOK NUMBER |
| International Standard Book Number |
9682302242 (v.3) |
| 020 ## - INTERNATIONAL STANDARD BOOK NUMBER |
| International Standard Book Number |
968230654X (v.4) |
| 020 ## - INTERNATIONAL STANDARD BOOK NUMBER |
| International Standard Book Number |
8432301361 (v.5) |
| 020 ## - INTERNATIONAL STANDARD BOOK NUMBER |
| International Standard Book Number |
9682309387 (v.8) |
| 020 ## - INTERNATIONAL STANDARD BOOK NUMBER |
| International Standard Book Number |
9682310946 (v.9) |
| 020 ## - INTERNATIONAL STANDARD BOOK NUMBER |
| International Standard Book Number |
9682310830 (v.10) |
| 020 ## - INTERNATIONAL STANDARD BOOK NUMBER |
| International Standard Book Number |
9682309417 (v.11) |
| 040 ## - CATALOGING SOURCE |
| Description conventions |
rda |
| Original cataloging agency |
Mx-PuUPA |
| Language of cataloging |
spa |
| Transcribing agency |
Mx-PuUPA |
| Modifying agency |
Mx-PuUPA |
| 041 0# - LANGUAGE CODE |
| Language code of text/sound track or separate title |
spa |
| 240 10 - UNIFORM TITLE |
| Uniform title |
Histoire de la philosophie. encyclopédie de la pléiade. |
| Language of a work |
Español |
| 245 00 - TITLE STATEMENT |
| Title |
Historia de la filosofía. |
| 250 ## - EDITION STATEMENT |
| Edition statement |
Ediciones varían |
| 264 #1 - PRODUCTION, PUBLICATION, DISTRIBUTION, MANUFACTURE, AND COPYRIGHT NOTICE |
| Place of production, publication, distribution, manufacture |
México D.F. : |
| Name of producer, publisher, distributor, manufacturer |
Siglo Veintiuno Editores, |
| Date of production, publication, distribution, manufacture, or copyright notice |
1978-1982 |
| 300 ## - PHYSICAL DESCRIPTION |
| Extent |
11 volúmenes (paginación varía) ; |
| Dimensions |
18 cm. |
| 336 ## - CONTENT TYPE |
| Content type term |
texto |
| Fuente |
rdacontent |
| Content type code |
txt |
| 337 ## - MEDIA TYPE |
| Media type term |
sin medio |
| Source |
rdamedia |
| Media type code |
n |
| 338 ## - CARRIER TYPE |
| Carrier type term |
volumen |
| Source |
rdacarrier |
| Carrier type code |
nc |
| 490 0# - SERIES STATEMENT |
| Series statement |
Historia de la filosofía, Siglo Veintiuno |
| 505 0# - FORMATTED CONTENTS NOTE |
| Miscellaneous information |
v.1. |
| Title |
El pensamiento prefilosófico y oriental: Egipto, Mesopotamia, Palestina, India, China - |
| Miscellaneous information |
v.2. |
| Title |
La filosofía griega - |
| Miscellaneous information |
v.3. |
| Title |
Del mundo romano al Islam medieval: Roma, Bizancio, El neoplatonismo, la filosofía judía medieval, la filosofía islámica - |
| Miscellaneous information |
v.4. |
| Title |
La filosofía medieval en Occidente - |
| Miscellaneous information |
v.5. |
| Title |
La filosofía en el Renacimiento - |
| Miscellaneous information |
v.6. |
| Title |
Racionalismo, empirismo, ilustración - |
| Miscellaneous information |
v.7. |
| Title |
La filosofía alemana, de Leibniz a Hegel - |
| Miscellaneous information |
v.8. |
| Title |
La filosofía en el siglo XIX - |
| Miscellaneous information |
v.9. |
| Title |
Las filosofías nacionales Siglos XIX y XX - |
| Miscellaneous information |
v.10. |
| Title |
La filosofía en el siglo XX - |
| Miscellaneous information |
v. 11. |
| Title |
La filosofía en Oriente: la filosofía islámica, india y china hasta nuestros días. |
| 650 #4 - SUBJECT ADDED ENTRY--TOPICAL TERM |
| Topical term or geographic name entry element |
Filosofía |
| General subdivision |
Historia |
| 942 ## - ADDED ENTRY ELEMENTS (KOHA) |
| Source of classification or shelving scheme |
Dewey Decimal Classification |
| Koha item type |
Libro |
| Classification part |
190 |
| Item part |
H62 |